Biblioteka Instytutu Północnego w Olsztynie

Media i edukacja w globalizującym się świecie : (Rekord nr 26998)

Szczegóły MARC
000 -Nagłówek
fixed length control field 01945cam a2200505 i 4500
001 - Nr kontrolny bibl., która utworzyła rek.
control field zz2003891276
003 - Siglum bibl., której nr kontr. jest w 001
control field NUKAT
005 - Data i czas ostatniej operacji
control field 20260313131629.0
008 - Elementy pola stałej długości
fixed length control field 030923s2003 pl a a |000 0 pol c
020 ## - ISBN
ISBN 8390550598
dopowiedzenie (oprawa miękka)
035 ## - Systemowy numer kontrolny
systemowy numer kontrolny (OCoLC)830518606
035 ## - Systemowy numer kontrolny
systemowy numer kontrolny (NUKAT)zz2003891276
040 ## - Instytucja sporządzająca opis
Instytucja, która sporządziła opis KR U/LS
język katalgowania-trzyzn. kod pol
zasady opisu rda
Instytucja, która sporządziła rekord KR U/LS
Instytucja, która zmodyfikowała rekord KR U/ES
-- LUBL U/MGas
-- OLSZT 008/bak
046 ## - Kod rodz. daty, data1, data2 (daty pne)
Begin/single date 2003
245 00 - Tytuł właściwy i oznaczenie odpow.
tytuł Media i edukacja w globalizującym się świecie :
dodatek do tytułu teoria, praktyka, oddziaływanie /
dod. inf. ze s. tyt./ozn. odpow. redakcja naukowa Marek Sokołowski.
260 ## - Adres wydawniczy
miejsce wydania, dystrybucji itp. Olsztyn :
nazwa wydawcy, dystrybutora itp. Oficyna Wydawnicza " Kastalia",
data wydania, dystrybucji itp. 2003.
300 ## - Opis fizyczny
objętość i/lub forma materiału 625, [1] strona :
inne szczegóły opisu fizycznego ilustracje ;
format 24 cm.
336 ## - Content Type
Term Tekst
Code txt
Source rdacontent
337 ## - Media Type
Term Bez urządzenia pośredniczącego
Code n
Source rdamedia
338 ## - Carrier Type
Term Wolumin
Code nc
Source rdacarrier
380 ## - Form of work
Form of work Książki
380 ## - Form of work
Form of work Publikacje naukowe
388 1# - TIME PERIOD OF CREATION
Time period of creation term 2001-
504 ## - Uwaga o bibliografii
uwaga o bibliografii Bibliografie przy pracach.
650 #7 - Hasło przedmiotowe-nazwa pospolita
nazwa pospolita lub geogr. Edukacja medialna
źródło hasła DBN
9 (RLIN) 38047
650 #7 - Hasło przedmiotowe-nazwa pospolita
nazwa pospolita lub geogr. Globalizacja
źródło hasła DBN
9 (RLIN) 38048
650 #7 - Hasło przedmiotowe-nazwa pospolita
nazwa pospolita lub geogr. Multimedia
źródło hasła DBN
9 (RLIN) 38049
650 #7 - Hasło przedmiotowe-nazwa pospolita
nazwa pospolita lub geogr. Nauczanie
źródło hasła DBN
9 (RLIN) 36963
650 #7 - Hasło przedmiotowe-nazwa pospolita
nazwa pospolita lub geogr. Społeczeństwo informacyjne
źródło hasła DBN
9 (RLIN) 38050
650 #7 - Hasło przedmiotowe-nazwa pospolita
nazwa pospolita lub geogr. Środki masowego przekazu
źródło hasła DBN
9 (RLIN) 37389
650 #7 - Hasło przedmiotowe-nazwa pospolita
nazwa pospolita lub geogr. Szkolnictwo
źródło hasła DBN
9 (RLIN) 35186
650 #7 - Hasło przedmiotowe-nazwa pospolita
nazwa pospolita lub geogr. Zastosowanie i wykorzystanie
źródło hasła DBN
9 (RLIN) 38051
650 #7 - Hasło przedmiotowe-nazwa pospolita
nazwa pospolita lub geogr. Globalizacja
określnik rzeczowy aspekt społeczny
określnik chronologiczny 1990-.
źródło hasła kaba
9 (RLIN) 38052
650 #7 - Hasło przedmiotowe-nazwa pospolita
nazwa pospolita lub geogr. Mass media
określnik rzeczowy aspekt społeczny
określnik chronologiczny 1990-.
źródło hasła kaba
9 (RLIN) 38053
650 #7 - Hasło przedmiotowe-nazwa pospolita
nazwa pospolita lub geogr. Mass media w edukacji.
źródło hasła kaba
9 (RLIN) 38054
650 #7 - Hasło przedmiotowe-nazwa pospolita
nazwa pospolita lub geogr. Społeczeństwo informacyjne
określnik chronologiczny 1990-.
źródło hasła kaba
9 (RLIN) 38055
655 #7 - Termin określający rodzaj/formę
rodzaj/forma Praca zbiorowa
źródło terminu DBN
9 (RLIN) 35107
658 ## - Nazwa określająca cel programu nauczania
główny cel programu nauczania Edukacja i pedagogika
658 ## - Nazwa określająca cel programu nauczania
główny cel programu nauczania Polityka, politologia, administracja publiczna
658 ## - Nazwa określająca cel programu nauczania
główny cel programu nauczania Socjologia i społeczeństwo
700 1# - Hasło dodatkowe - nazwa osobowa
nazwa osobowa Sokołowski, Marek
daty biograficzne (1962- ).
rodzaj współpracy Redakcja
9 (RLIN) 38046
710 2# - Hasło dodatkowe - nazwa ciała zbior.
nazwa ciała zbior. lub nazwa geogr. Oficyna Wydawnicza "Kastalia".
rodzaj współpracy Wydawca
kod rodzaju współpracy pbl
9 (RLIN) 38045
920 ## - ISBN
ISBN 83-905505-9-8 (oprawa miękka)
942 ## - ADDED ENTRY ELEMENTS (KOHA)
Source of classification or shelving scheme Dewey Decimal Classification
Koha item type pozycje dostępne na miejscu
Egzemplarze
Status wycofania Status zagubienia Klasyfikacja Status uszkodzenia Blokada wypożyczeń Kolekcja Lokalizacja macierzysta Lokalizacja bieżąca Data nabycia Numer akcesji Źródło akcesji Cena Nr inwentarzowy il. wypożyczeń Sygnatura Kod kreskowy Date last seen Price effective from Typ egz.
    Dewey Decimal Classification nieuszkodzona   książka w magazynie Biblioteka Instytutu Północnego w Olsztynie Biblioteka Instytutu Północnego w Olsztynie 03/03/2026 D-18/2026 dar 9.00 73846   73846 IPWK22052 13/03/2026 13/03/2026 pozycje dostępne na miejscu
Biblioteka Instytutu Północnego, ul. Partyzantów 87, 10-402 Olsztyn, email: biblioteka(at)ip.olsztyn.pl